|
|
|
|
| LEADER |
00000cam a22000004a 4500 |
| 001 |
musev2_7989 |
| 003 |
MdBmJHUP |
| 005 |
20230905040917.0 |
| 006 |
m o d |
| 007 |
cr||||||||nn|n |
| 008 |
970826s1998 hiu o 00 0 eng d |
| 010 |
|
|
|z 97039661
|
| 020 |
|
|
|a 9780824865146
|
| 020 |
|
|
|z 0824865146
|
| 020 |
|
|
|z 9780824819224
|
| 035 |
|
|
|a (OCoLC)45734078
|
| 040 |
|
|
|a MdBmJHUP
|c MdBmJHUP
|
| 043 |
|
|
|a a-cc---
|
| 050 |
0 |
4 |
|a NK3634.Y45
|b M39 1998
|
| 082 |
0 |
|
|a 745.6/19951/092
|2 21
|
| 100 |
1 |
|
|a McNair, Amy.
|
| 245 |
1 |
4 |
|a The Upright Brush :
|b Yan Zhenqing's Calligraphy and Song Literati Politics /
|c Amy McNair.
|
| 264 |
|
1 |
|a Honolulu :
|b University of Hawai'i Press,
|c 1998.
|
| 264 |
|
3 |
|a Baltimore, Md. :
|b Project MUSE,
|c 2012
|
| 264 |
|
4 |
|c ©1998.
|
| 300 |
|
|
|a 1 online resource:
|b ill. ;
|
| 336 |
|
|
|a text
|b txt
|2 rdacontent
|
| 337 |
|
|
|a computer
|b c
|2 rdamedia
|
| 338 |
|
|
|a online resource
|b cr
|2 rdacarrier
|
| 500 |
|
|
|a Originally presented as the author's thesis (Ph.D.--University of Chicago, 1989) under the title: The politics of calligraphic style in China.
|
| 504 |
|
|
|a Includes bibliographical references and index.
|
| 588 |
|
|
|a Description based on print version record.
|
| 600 |
1 |
0 |
|a Yan, Zhenqing,
|d 709-785
|x Criticism and interpretation.
|
| 650 |
|
0 |
|a Calligraphy, Chinese
|x History
|y Tang-Five dynasties, 618-960
|x Political aspects.
|
| 655 |
|
7 |
|a Electronic books.
|2 local
|
| 700 |
1 |
|
|a Yen, Chen-chʻing,
|d 709-785.
|
| 710 |
2 |
|
|a Project Muse.
|e distributor
|
| 830 |
|
0 |
|a Book collections on Project MUSE.
|
| 856 |
4 |
0 |
|z Texto completo
|u https://projectmuse.uam.elogim.com/book/7989/
|
| 945 |
|
|
|a Project MUSE - Custom Collection
|
| 945 |
|
|
|a Project MUSE - Archive Complete Foundation
|
| 945 |
|
|
|a Project MUSE - Archive History Foundation
|
| 945 |
|
|
|a Project MUSE - Archive Asian and Pacific Studies Foundation
|